01313cam a22003257a 4500003000500000005001700005008004100022010001000063011001000073035001000083040000900093082003200102110008600134245008300220260004200303300002000345500005800365590004100423590004100464590004100505590004200546650003500588650004800623650003000671901000700701942001000708949009000718999001700808952016200825CHAP20220329135802.0971013s1993 r 00010 d a42114 a43086 a47222 cCHAP a312.0972bM48 1990 Oax. v.3 aInstituto Nacional de Estadística, Geografía e Informática. México959304 0aCenso general de población y vivienda (11o) 1990 : Oaxaca : Región Mixteca aAguascalientes, Ags. :bINEGI,c1993- av.1b: gráfs. aLa biblioteca tiene: Pte. 1 Perfil sociodemográfico aBATCH-UPDb10c20130110lUCH01h2123 aBATCH-UPDb10c20130410lUCH01h1432 aBATCH-UPDb10c20130914lUCH01h1822 aCONVERSIONb10c20130109lUCH01h132314aMéxicoxCensos (1990)97666114aPoblaciónxEstadísticaszOaxaca.98939214aViviendaxOaxaca.9120141 aBK cLIBRO a312.0972 M48 1990 Oax. v.3bBCcINEGId33724000486353eINEGIfPte. 1h88888i47222si c42114d42114 00102ddc4051708INEGIaBCbBCcPB_INEGId2019-12-31fLIBROl0o312.0972 M48 1990 Oax. v.3p33724000486353r2019-12-31 00:00:00tPte. 1w2019-12-31yLIBRO